000 00425nam a2200181Ia 4500
003 0100
008 130307s9999 xx 000 0 und d
040 _cARRUPELIB
050 _aPQ2469.T7 1926
100 _aVerne, Jules
245 _aLe tour du monde en quatre-vingts jours
260 _aBoston MA
260 _bHeath
260 _c1926
300 _a301p
700 _aintrod., notes by Alexander Green
942 0 0 _02
999 _c87977
_d87977